Spotlight (Record no. 115003)

MARC details
000 -LEADER
fixed length control field 01151cad a22002055a 4500
001 - CONTROL NUMBER
control field L157861
008 - FIXED-LENGTH DATA ELEMENTS--GENERAL INFORMATION
fixed length control field 130614s2013 xxk f 000 0 eng d
035 ## - SYSTEM CONTROL NUMBER
System control number (Sirsi) u157861
041 0# - LANGUAGE CODE
Language code of text/sound track or separate title eng
110 2# - MAIN ENTRY--CORPORATE NAME
Corporate name or jurisdiction name as entry element Savills
9 (RLIN) 2020
245 00 - TITLE STATEMENT
Title Spotlight
Remainder of title Brazil residential property market June 2013
Medium [electronic resource]
260 ## - PUBLICATION, DISTRIBUTION, ETC.
Place of publication, distribution, etc. London
Name of publisher, distributor, etc. Savills
Date of publication, distribution, etc. 2013
520 ## - SUMMARY, ETC.
Summary, etc. A series of articles looking at the thriving residential property market in Brazil. House price growth has increased by 23% per annum in Rio de Janeiro and by 17% in San Paulo since 2008. Brazilian investors are key players in the international real estate markets. In the run up to the World Cup and Olympic Games Rio's infrastructure is being overhauled. Looks at popular locations within Sao Paul leading to steep increases in property prices in these areas. Concludes with a review of opportunities in Brazil for overseas investors.
590 ## - LOCAL NOTE (RLIN)
Local note KA
651 #4 - SUBJECT ADDED ENTRY--GEOGRAPHIC NAME
Geographic name Brazil
690 ## - LOCAL SUBJECT ADDED ENTRY--TOPICAL TERM (OCLC, RLIN)
Topical term or geographic name as entry element Investments
9 (RLIN) 6250
690 ## - LOCAL SUBJECT ADDED ENTRY--TOPICAL TERM (OCLC, RLIN)
Topical term or geographic name as entry element Residential property
9 (RLIN) 6266
856 40 - ELECTRONIC LOCATION AND ACCESS
Uniform Resource Identifier <a href="https://www.savills.co.uk/research_articles/141285/168405-0">https://www.savills.co.uk/research_articles/141285/168405-0</a>
Public note View the report at www.savills.co.uk
942 ## - ADDED ENTRY ELEMENTS (KOHA)
Suppress in OPAC 0
Holdings
Withdrawn status Lost status Source of classification or shelving scheme Damaged status Not for loan Home library Current library Shelving location Date acquired Total Checkouts Full call number Barcode Date last seen Copy number Price effective from Koha item type
    Dewey Decimal Classification     Virtual Virtual Online 14/06/2013   ONLINE PUBLICATION 157861-2001 06/08/2019 1 06/08/2019 Book